[Event "Titled Tue 24th Jun Early"]
[Site "chess.com INT"]
[Date "2025.06.24"]
[Round "4"]
[White "Germanovs, Georgijs"]
[Black "Hernandez Leon, Sergio"]
[Result "1-0"]
[WhiteTitle "CM"]
[BlackTitle "CM"]
[WhiteElo "2260"]
[BlackElo "2102"]
[WhiteFideId "11609710"]
[BlackFideId "2285622"]
[EventDate "2025.06.24"]

1. e4 c5 2. Nf3 Nf6 3. e5 Nd5 4. a3 e6 5. Bc4 Nb6 6. Be2 d5 7. O-O Be7 8. b4
cxb4 9. axb4 O-O 10. c3 Bd7 11. d4 Qc7 12. Bd3 f5 13. exf6 Bxf6 14. Ng5 Bxg5 15.
Bxg5 Nc6 16. Qh5 g6 17. Bxg6 hxg6 18. Qxg6+ Kh8 19. b5 Nd8 20. Re1 Be8 21. Bf6+
Rxf6 22. Qxf6+ Qg7 23. Qf4 Qf7 24. Qh4+ Qh7 25. Qf4 Qf7 26. Qh6+ Qh7 27. Qc1 Nc4
28. Nd2 Nd6 29. Re3 Kg8 30. Rh3 Qf5 31. Rg3+ Kh7 32. Nf3 Ne4 33. Rh3+ Kg8 34.
Qh6 Nf7 35. Qh4 Bxb5 36. Re1 Kf8 37. Ne5 Nxe5 38. dxe5 Ke8 39. Rf3 Qxe5 40. Qh7
Ng5 41. Qg6+ Kd7 42. Rxe5 Nxf3+ 43. gxf3 a5 44. Qxe6+ 1-0

[Event "Titled Tue 24th Jun Early"]
[Site "chess.com INT"]
[Date "2025.06.24"]
[Round "4"]
[White "Dilanyan, Grigor"]
[Black "Burmakin, Evgeniy"]
[Result "1-0"]
[WhiteTitle "FM"]
[BlackTitle "FM"]
[WhiteElo "2191"]
[BlackElo "2110"]
[WhiteFideId "13303570"]
[BlackFideId "4163729"]
[EventDate "2025.06.24"]

1. d4 Nf6 2. Nf3 g6 3. Bg5 Bg7 4. Nbd2 h6 5. Bh4 d5 6. e3 O-O 7. Bd3 b6 8. Qe2
Bb7 9. c3 Ne4 10. O-O Nd7 11. Ba6 Bxa6 12. Qxa6 g5 13. Bg3 g4 14. Nxe4 gxf3 15.
Nd2 fxg2 16. Kxg2 e5 17. Qb7 exd4 18. cxd4 c5 19. Qxd5 cxd4 20. exd4 Nf6 21.
Qxd8 Raxd8 22. Be5 Nd5 23. Nf3 f6 24. Bg3 Rfe8 25. Rfe1 Kf7 26. a3 Bf8 27. Rac1
Rxe1 28. Nxe1 Re8 29. Kf3 Bg7 30. Nd3 Kg6 31. Nf4+ Nxf4 32. Bxf4 Kf5 33. d5 Re7
34. d6 Rd7 35. Rc7 Ke6 36. Rxd7 Kxd7 37. Kg4 Ke6 38. Kh5 Bf8 39. Kg6 b5 40. b4
a6 41. h4 f5 42. h5 Kd7 43. Kxf5 Bg7 44. Kg6 Bb2 45. Bxh6 Bxa3 46. Bg7 Bxb4 47.
h6 a5 48. h7 a4 49. h8=Q Bxd6 50. Qa8 a3 51. Qb7+ Ke6 52. Qf7# 1-0

[Event "Titled Tue 24th Jun Early"]
[Site "chess.com INT"]
[Date "2025.06.24"]
[Round "4"]
[White "Mikhalsky, Vladimir"]
[Black "Mohamed, Anees M"]
[Result "1/2-1/2"]
[BlackTitle "FM"]
[WhiteElo "2219"]
[BlackElo "2431"]
[WhiteFideId "14144352"]
[BlackFideId "35065815"]
[EventDate "2025.06.24"]

1. d4 f5 2. Bg5 Nf6 3. Nc3 g6 4. h4 Bg7 5. h5 Nxh5 6. e4 fxe4 7. Rxh5 gxh5 8.
Qxh5+ Kf8 9. Bc4 Qe8 10. Qh4 e6 11. Nxe4 d5 12. Nf6 Qg6 13. Bd3 Qf7 14. Nxh7+
Kg8 15. Nf3 Nc6 16. c3 Bd7 17. O-O-O e5 18. dxe5 Nxe5 19. Nxe5 Bxe5 20. f4 Rxh7
21. Bxh7+ Qxh7 22. Qxh7+ Kxh7 23. fxe5 Be6 24. Rh1+ Kg6 25. Bf4 Kg7 26. Rh6 Bf5
27. Rf6 Be4 28. Bh6+ Kh7 29. g4 Re8 30. e6 d4 31. g5 dxc3 32. bxc3 Bd5 33. Rf7+
Kg6 34. Rg7+ Kf5 35. e7 Ke6 36. Rg6+ Kxe7 37. Kb2 Rg8 38. Rxg8 Bxg8 39. Bg7 c6
40. Bf6+ Ke6 41. a3 b5 42. Bd4 a5 43. Bb6 a4 44. Bc5 Kf5 45. Be7 Bc4 46. Kc1 Kg6
47. Kd2 Bf1 48. Bd6 Bc4 49. Be7 Bg8 50. Bf6 Bc4 51. Be7 1/2-1/2

[Event "Titled Tue 24th Jun Early"]
[Site "chess.com INT"]
[Date "2025.06.24"]
[Round "4"]
[White "Crispin Ferreras, Darvi Abraham"]
[Black "Skliarov, Viktor"]
[Result "1-0"]
[WhiteTitle "CM"]
[BlackTitle "IM"]
[WhiteElo "2150"]
[BlackElo "2334"]
[WhiteFideId "6402771"]
[BlackFideId "14106736"]
[EventDate "2025.06.24"]

1. d4 Nf6 2. c4 e6 3. Nc3 Bb4 4. e3 b6 5. Bd3 Bb7 6. f3 Bxc3+ 7. bxc3 c5 8. Ne2
Nc6 9. e4 d6 10. O-O Na5 11. Be3 Rc8 12. d5 e5 13. f4 Nd7 14. fxe5 Nxe5 15. Ng3
O-O 16. Nf5 g6 17. Nh6+ Kg7 18. Ng4 Nxg4 19. Qxg4 f6 20. Qh3 Rf7 21. Qh6+ Kg8
22. h4 Qf8 23. Qf4 Re8 24. h5 Re5 25. hxg6 hxg6 26. Qg3 Kg7 27. Bf4 Qe7 28. Bxe5
dxe5 29. Rf2 Ba6 30. Rd1 Bxc4 31. Bb1 Qd6 32. Qe3 Nb7 33. g4 g5 34. Rh2 Kf8 35.
Qg3 Ke7 36. Rh6 Qd7 37. Rd2 Nd6 38. Rf2 Qd8 39. Rfxf6 Rxf6 40. Qxe5+ Kd7 41.
Rxf6 Qg8 42. Qxd6+ Kc8 43. Rf8+ 1-0

[Event "Titled Tue 24th Jun Early"]
[Site "chess.com INT"]
[Date "2025.06.24"]
[Round "4"]
[White "Klepek, Witold"]
[Black "Milare, Tyron"]
[Result "1-0"]
[WhiteTitle "CM"]
[BlackTitle "FM"]
[WhiteElo "2253"]
[BlackElo "2248"]
[WhiteFideId "1175068"]
[BlackFideId "12987018"]
[EventDate "2025.06.24"]

1. c4 c6 2. Nf3 d5 3. b3 Nf6 4. Bb2 g6 5. e3 Bg7 6. cxd5 cxd5 7. Be2 Nc6 8. O-O
O-O 9. Na3 Re8 10. Ne5 Nxe5 11. Bxe5 Qa5 12. Nb5 Bf5 13. Nc7 Ne4 14. Bxg7 Qxc7
15. Bb2 Rac8 16. f3 Ng5 17. d3 Qc2 18. Be5 f6 19. Bg3 Qxd1 20. Rfxd1 Rc2 21. Kf1
Rec8 22. e4 Be6 23. Bf2 Nf7 24. Bxa7 Nd6 25. Be3 Nb5 26. Rac1 d4 27. Rxc2 Rxc2
28. Rc1 Rxa2 29. Bf2 Bxb3 30. f4 Nc3 31. Bf3 e5 32. fxe5 fxe5 33. Bg3 Rc2 34.
Rxc2 Bxc2 35. Be2 b5 36. Bxe5 b4 37. Bxd4 Nb5 38. Bb2 b3 39. d4 Nd6 40. e5 Ne4
41. Ke1 Kf7 42. Bf3 Ng5 43. Bd5+ Ke7 44. h4 Ne6 45. Kd2 Nf4 46. Bf3 Ne6 47. d5
Nc7 48. d6+ Kd7 49. dxc7 Kxc7 50. Bd5 Kd7 51. Kc3 Ke7 52. Bxb3 Be4 53. Ba3+ Kd7
54. e6+ Kc7 55. e7 Bc6 56. Bf7 1-0

[Event "Titled Tue 24th Jun Early"]
[Site "chess.com INT"]
[Date "2025.06.24"]
[Round "4"]
[White "Gasparyan, Erik R."]
[Black "Dann, Matthias"]
[Result "1-0"]
[WhiteTitle "IM"]
[BlackTitle "IM"]
[WhiteElo "2372"]
[BlackElo "2446"]
[WhiteFideId "13315730"]
[BlackFideId "24638056"]
[EventDate "2025.06.24"]

1. Nf3 Nf6 2. g3 b5 3. Bg2 Bb7 4. O-O e6 5. b3 c5 6. c4 a6 7. Bb2 Be7 8. e3 d5
9. Qe2 O-O 10. d3 Nc6 11. Nc3 Qb6 12. Rfd1 Rfd8 13. cxd5 exd5 14. Nh4 Bf8 15.
Rac1 d4 16. Ne4 Nxe4 17. dxe4 g6 18. e5 dxe3 19. Qxe3 Nb4 20. Bxb7 Qxb7 21. e6
fxe6 22. Qxe6+ Qf7 23. Qe5 Bg7 24. Rxd8+ Rxd8 25. Qxg7+ Qxg7 26. Bxg7 Kxg7 27.
Rxc5 Nxa2 28. Rc7+ Kg8 29. Nf3 Rd5 30. Ra7 Nb4 31. h4 h6 32. Nh2 Kf8 33. Ng4 h5
34. Nf6 Rd6 35. Ne4 Rc6 36. Kg2 Nd3 37. Kf3 Nc1 38. Kf4 Nxb3 39. Kg5 Nd4 40. Nf6
Nf3+ 41. Kxg6 Ne5+ 42. Kf5 Nd3 43. f4 b4 44. Kg6 Rxf6+ 45. Kxf6 b3 46. Ra8# 1-0

[Event "Titled Tue 24th Jun Early"]
[Site "chess.com INT"]
[Date "2025.06.24"]
[Round "4"]
[White "Purushothaman, Thirumalai"]
[Black "Huseynova, Lala"]
[Result "0-1"]
[WhiteTitle "FM"]
[BlackTitle "WFM"]
[WhiteElo "2027"]
[BlackElo "2045"]
[WhiteFideId "5012791"]
[BlackFideId "13431781"]
[EventDate "2025.06.24"]

1. e4 c5 2. c3 d5 3. exd5 Qxd5 4. d4 cxd4 5. cxd4 Nc6 6. Nf3 Bg4 7. Nc3 Qh5 8.
d5 Ne5 9. Bb5+ Nd7 10. Qa4 Nf6 11. Nd4 Nxd5 12. Nxd5 Qxd5 13. f3 Be6 14. Be3 a6
15. Rd1 Rd8 16. Be2 Qxa2 17. Nxe6 Qxe6 18. Bf2 g6 19. Qd4 Qf6 20. Qd3 Bg7 21.
Bd4 Qxd4 22. Qxd4 Bxd4 23. Rxd4 O-O 24. O-O Nc5 25. Rc4 Ne6 26. Rfc1 Rd2 27. Bf1
Rxb2 28. Rd1 b5 29. Rc6 a5 30. Rd5 Rb8 31. Ra6 a4 32. Ra5 b4 33. Rxa4 b3 34. Bc4
Rb1+ 35. Kf2 b2 36. Ba2 Ra1 37. Rd2 b1=Q 38. Bxb1 Rxa4 39. Bc2 Ra2 40. Rd3 Rxc2+ 0-1

[Event "Titled Tue 24th Jun Early"]
[Site "chess.com INT"]
[Date "2025.06.24"]
[Round "4"]
[White "Herman, Daniel"]
[Black "Winkels, Marcel"]
[Result "1-0"]
[BlackTitle "CM"]
[WhiteElo "1920"]
[BlackElo "1905"]
[WhiteFideId "30935008"]
[BlackFideId "1003887"]
[EventDate "2025.06.24"]

1. d4 Nf6 2. Nf3 c5 3. d5 e6 4. c4 exd5 5. cxd5 d6 6. Nc3 g6 7. Bf4 a6 8. a4 Bg7
9. h3 O-O 10. e3 Nh5 11. Bh2 f5 12. Be2 f4 13. e4 Re8 14. Nd2 Qg5 15. Bg4 Nf6
16. Bxc8 Rxc8 17. Qf3 Nbd7 18. Bxf4 Qh5 19. Qxh5 Nxh5 20. Bxd6 Ne5 21. O-O Nd3
22. Nc4 Rd8 23. e5 b5 24. axb5 axb5 25. Nxb5 Nhf4 26. Nc3 Re8 27. e6 Nxb2 28.
Rxa8 Rxa8 29. Nxb2 Bxc3 30. Bxf4 Bxb2 31. d6 Bd4 32. d7 Kf8 33. Bd6+ Kg7 34. Be7
Bf6 35. d8=Q Rxd8 36. Bxd8 Bxd8 37. Rd1 Be7 38. f4 Kf6 39. Re1 c4 40. Rc1 Kxe6
41. Rxc4 Kf5 42. Kf1 Bh4 43. g4+ Kf6 44. Kg2 Kg7 45. Kf3 1-0

[Event "Titled Tue 24th Jun Early"]
[Site "chess.com INT"]
[Date "2025.06.24"]
[Round "4"]
[White "Leiva, Gianmarco"]
[Black "Lopez Rayo, Santiago"]
[Result "1-0"]
[WhiteTitle "IM"]
[BlackTitle "FM"]
[WhiteElo "2387"]
[BlackElo "2282"]
[WhiteFideId "3804399"]
[BlackFideId "4455665"]
[EventDate "2025.06.24"]

1. e4 c5 2. Nf3 d6 3. Bb5+ Nd7 4. a4 Nf6 5. Nc3 a6 6. Be2 g6 7. d4 cxd4 8. Qxd4
Bg7 9. a5 O-O 10. h3 Nc5 11. Qe3 Qc7 12. O-O Bd7 13. e5 dxe5 14. Nxe5 Bf5 15.
Qf4 Nh5 16. Bxh5 Bxe5 17. Qf3 Bxc2 18. Bh6 gxh5 19. Rac1 Bg6 20. Bxf8 Rxf8 21.
Na4 Nxa4 22. Rxc7 Bxc7 23. Qxb7 Bd6 24. Qxa6 Nxb2 25. Qb7 Nd3 26. Qc6 Nc5 27.
Re1 Bd3 28. Qd5 Bg6 29. Qc6 Bd3 30. Qd5 Bg6 31. Rc1 Nd3 32. Ra1 Nb4 33. Qb7 Be5
34. Re1 Bd6 35. a6 Bf5 36. a7 Bc8 37. Qe4 1-0

[Event "Titled Tue 24th Jun Early"]
[Site "chess.com INT"]
[Date "2025.06.24"]
[Round "4"]
[White "Gunawardhana, Devindya Oshini"]
[Black "Livaic, Leon"]
[Result "0-1"]
[WhiteTitle "WIM"]
[BlackTitle "GM"]
[WhiteElo "2121"]
[BlackElo "2550"]
[WhiteFideId "29941482"]
[BlackFideId "14531534"]
[EventDate "2025.06.24"]

1. Nf3 d6 2. d4 Nf6 3. g3 g6 4. Bg2 Bg7 5. O-O O-O 6. c3 Nc6 7. Nbd2 e5 8. b3
Re8 9. dxe5 dxe5 10. Bb2 e4 11. Ng5 Bf5 12. Nc4 h6 13. Nh3 g5 14. Ne3 Be6 15.
Qxd8 Raxd8 16. Rad1 Ng4 17. Kh1 Nxe3 18. fxe3 Bg4 19. Ng1 Rxd1 20. Rxd1 f5 21.
Bh3 Kf7 22. Kg2 Kg6 23. Bxg4 fxg4 24. h3 h5 25. Rd7 Re7 26. Rd5 Be5 27. Ba3 Re6
28. c4 Bd6 29. c5 Be7 30. b4 a6 31. hxg4 hxg4 32. Rd7 Bd8 33. Rd5 Re5 34. Rd7
Kf5 35. Rd1 Ke6 36. Rf1 Rf5 37. Rd1 Rd5 38. Rf1 Bf6 39. Rb1 Rd2 40. Rf1 Rxa2 41.
Bc1 Nxb4 0-1

[Event "Titled Tue 24th Jun Early"]
[Site "chess.com INT"]
[Date "2025.06.24"]
[Round "4"]
[White "Carlsen, Magnus"]
[Black "Nazin, Roman"]
[Result "1-0"]
[WhiteTitle "GM"]
[BlackTitle "CM"]
[WhiteElo "2837"]
[BlackElo "2250"]
[WhiteFideId "1503014"]
[BlackFideId "4137167"]
[EventDate "2025.06.24"]

1. c4 d6 2. d4 Nd7 3. Nc3 e5 4. Nf3 Ngf6 5. e4 Be7 6. Be2 c6 7. O-O O-O 8. d5
cxd5 9. cxd5 a6 10. a4 Nc5 11. Qc2 Bg4 12. b4 Ncd7 13. h3 Bh5 14. Be3 Rc8 15.
Rfc1 Nxe4 16. Qxe4 Bg6 17. Qg4 f5 18. Qg3 f4 19. Bxf4 Rxf4 20. b5 a5 21. b6 Qxb6
22. Bb5 Nc5 23. Ne2 Rff8 24. Nd2 Rf7 25. Nc4 Qd8 26. Qa3 b6 27. Ng3 Bg5 28. Rd1
Bf4 29. Ra2 h5 30. Nf1 h4 31. Nh2 Qc7 32. Ng4 Rcf8 33. Rb2 e4 34. Bc6 Rb8 35.
Nge3 Nd3 36. Rdb1 Qe7 37. Qc3 Qg5 38. Qd4 Rbf8 39. Nf1 Be5 40. Nxe5 dxe5 41.
Qxb6 Nxf2 42. Qe3 Qxe3 43. Nxe3 Nd3 44. Rd2 1-0

[Event "Titled Tue 24th Jun Early"]
[Site "chess.com INT"]
[Date "2025.06.24"]
[Round "4"]
[White "Beniosev, Daniel"]
[Black "Kiremitciyan, Ari"]
[Result "1-0"]
[WhiteTitle "CM"]
[BlackTitle "FM"]
[WhiteElo "1959"]
[BlackElo "2271"]
[WhiteFideId "11632674"]
[BlackFideId "6373445"]
[EventDate "2025.06.24"]

1. e4 c6 2. d4 d5 3. exd5 cxd5 4. Bd3 Nf6 5. h3 g6 6. c3 Bf5 7. Nf3 Nc6 8. O-O
Bg7 9. Re1 O-O 10. Nh4 Bxd3 11. Qxd3 Ne4 12. Nd2 Nxd2 13. Qxd2 e5 14. Nf3 e4 15.
Nh2 f5 16. Qf4 h6 17. h4 Qd7 18. Nf1 Rae8 19. Qg3 Kh7 20. Bf4 Nd8 21. Ne3 Ne6
22. Qh2 Nxf4 23. Qxf4 Qd8 24. Rad1 g5 25. hxg5 hxg5 26. Qh2+ Kg6 27. g4 f4 28.
Nf5 Rh8 29. Qg2 Qc7 30. f3 e3 31. Qc2 Kf6 32. Kg2 Qd7 33. Rh1 Reg8 34. Rxh8 Rxh8
35. Rh1 Rxh1 36. Kxh1 Bf8 37. Kg2 Qb5 38. a4 Qc6 39. b3 a6 40. c4 1-0

[Event "Titled Tue 24th Jun Early"]
[Site "chess.com INT"]
[Date "2025.06.24"]
[Round "4"]
[White "Abramor, Franco"]
[Black "Estrada Nieto, Julian"]
[Result "1-0"]
[BlackTitle "IM"]
[WhiteElo "2167"]
[BlackElo "2181"]
[WhiteFideId "181633"]
[BlackFideId "5101018"]
[EventDate "2025.06.24"]

1. Nf3 d5 2. b3 Nf6 3. Bb2 Bf5 4. g3 e6 5. Bg2 h6 6. O-O Be7 7. d3 O-O 8. Nbd2
a5 9. Re1 a4 10. a3 axb3 11. cxb3 c5 12. e4 Bh7 13. Ne5 Nbd7 14. Rc1 Nxe5 15.
Bxe5 Rxa3 16. Bxf6 Bxf6 17. Rxc5 Bd4 18. Rc1 Qb6 19. Re2 Bg6 20. exd5 Bh5 21.
Bf3 Bxf3 22. Nxf3 exd5 23. Nxd4 Qxd4 24. Re7 Ra2 25. Qf3 Ra6 26. Rcc7 Rf6 27.
Qe3 Qxe3 28. fxe3 b5 29. Rb7 Rc8 30. Rbc7 Ra8 31. Ra7 Rxa7 32. Rxa7 Rf3 33. Rd7
Rxe3 34. Rxd5 b4 35. Kf2 Re6 36. Rb5 Rd6 37. Ke2 Rd4 38. Ke3 Rg4 39. d4 h5 40.
Rxb4 h4 41. Kf3 hxg3 42. hxg3 f5 43. Rc4 Rg6 44. b4 Rb6 45. Kf4 g6 46. Kg5 Kf7
47. Rc7+ Ke6 48. Kxg6 Rxb4 49. Rc6+ Kd5 50. Rf6 Rxd4 51. Rxf5+ Ke6 52. Rf3 Rg4+
53. Kh5 Rg8 54. g4 Ke7 55. g5 Rh8+ 56. Kg6 Rg8+ 57. Kh6 Rh8+ 58. Kg7 Re8 59. g6
Rd8 60. Re3+ Kd7 61. Kf7 Ra8 62. g7 1-0

[Event "Titled Tue 24th Jun Early"]
[Site "chess.com INT"]
[Date "2025.06.24"]
[Round "4"]
[White "Nusrat Jahan, Alo"]
[Black "Stojanovski, Sandi"]
[Result "0-1"]
[WhiteTitle "WCM"]
[BlackTitle "FM"]
[WhiteElo "1795"]
[BlackElo "2169"]
[WhiteFideId "10226826"]
[BlackFideId "1403249"]
[EventDate "2025.06.24"]

1. e4 d6 2. d4 Nf6 3. Nc3 g6 4. f4 Bg7 5. Nf3 O-O 6. e5 dxe5 7. fxe5 Nd5 8. Bc4
Nxc3 9. bxc3 c5 10. Ba3 Qa5 11. Bb2 cxd4 12. Qxd4 Nc6 13. Qe3 Nxe5 14. Nxe5 Qxe5
15. Qxe5 Bxe5 16. O-O Bf5 17. Bd3 e6 18. Rae1 Bg7 19. Bxf5 exf5 20. Re7 b6 21.
Rd1 h5 22. Rdd7 a6 23. a4 Bf6 24. Re2 Rfd8 25. Rb7 Rab8 26. Ra7 b5 27. a5 b4 28.
Rxa6 Bxc3 29. Bxc3 bxc3 30. Rc6 Rb5 31. a6 Ra5 32. Rxc3 Rxa6 33. Kf2 Rad6 34.
Rc7 R8d7 35. Rc8+ Kg7 36. c4 Rd3 37. c5 Rc3 38. Rb2 Rd5 39. c6 Rd6 40. c7 Rd7
41. Rb7 h4 42. Rg8+ Kxg8 43. c8=Q+ Rxc8 44. Rxd7 Rc2+ 45. Kf3 Rc3+ 46. Kf4 Kg7
47. Kg5 h3 48. gxh3 Rxh3 49. Rd2 f6+ 50. Kf4 Rh4+ 51. Kg3 Rg4+ 52. Kf3 Kh6 53.
h3 Re4 54. Rd8 Re7 55. Rh8+ Rh7 56. Rf8 Kg5 57. Kg2 f4 58. Ra8 f5 59. Ra4 Rd7
60. Ra2 Rd3 61. Rb2 Rg3+ 62. Kh2 Kh4 63. Rb4 Rxh3+ 64. Kg2 Rg3+ 65. Kf2 Kg4 66.
Rb6 g5 67. Rb2 Rh3 68. Rb4 Rh2+ 69. Kg1 Ra2 70. Rb1 f3 71. Rb4+ Kg3 72. Rb1 Rh2 0-1

[Event "Titled Tue 24th Jun Early"]
[Site "chess.com INT"]
[Date "2025.06.24"]
[Round "4"]
[White "Howell, David W L"]
[Black "Zhakshylykov, Erzhan"]
[Result "1-0"]
[WhiteTitle "GM"]
[BlackTitle "IM"]
[WhiteElo "2668"]
[BlackElo "2362"]
[WhiteFideId "410608"]
[BlackFideId "13804111"]
[EventDate "2025.06.24"]

1. e4 e6 2. d3 d5 3. g3 Nf6 4. Bg2 dxe4 5. dxe4 Qxd1+ 6. Kxd1 Bc5 7. f3 e5 8. c3
Be6 9. Kc2 a5 10. Bh3 Nc6 11. Bxe6 fxe6 12. a4 O-O 13. Nd2 Ba7 14. Kd3 Rad8+ 15.
Ke2 Nd7 16. Nc4 Nc5 17. Be3 Nb3 18. Ra3 Bxe3 19. Rxb3 Bxg1 20. Rxg1 b6 21. Ra3
Rd7 22. Raa1 Rdf7 23. Rgf1 g5 24. Rad1 h5 25. Rf2 Kg7 26. Rh1 Kg6 27. h4 g4 28.
Rhf1 gxf3+ 29. Rxf3 Rxf3 30. Rxf3 Rd8 31. Rd3 Rxd3 32. Kxd3 Kf6 33. Ke3 Ne7 34.
Kf3 Ng6 35. Na3 Ke7 36. Nc4 Kf6 37. b4 axb4 38. cxb4 Ne7 39. a5 bxa5 40. bxa5
Nc6 41. a6 Nd4+ 42. Kg2 Nb5 43. g4 hxg4 44. Kg3 Na7 45. Kxg4 Nc6 46. h5 Na7 47.
Kh4 Nc6 48. Ne3 Na7 49. Ng4+ Kg7 50. Kg5 c5 51. h6+ Kh8 52. Nxe5 Nb5 53. Kg6 1-0

[Event "Titled Tue 24th Jun Early"]
[Site "chess.com INT"]
[Date "2025.06.24"]
[Round "4"]
[White "Dreelinck, Jacob"]
[Black "Iskusnyh, Sergei"]
[Result "0-1"]
[WhiteTitle "FM"]
[BlackTitle "GM"]
[WhiteElo "2266"]
[BlackElo "2440"]
[WhiteFideId "250511"]
[BlackFideId "4120027"]
[EventDate "2025.06.24"]

1. d4 d5 2. c4 c6 3. cxd5 cxd5 4. Nc3 Nf6 5. Nf3 Nc6 6. Bf4 a6 7. Ne5 e6 8. e3
Nxe5 9. Bxe5 Be7 10. Bd3 O-O 11. Rc1 Bd7 12. O-O Rc8 13. Qf3 Bc6 14. Qh3 g6 15.
Rc2 Bd6 16. Bxd6 Qxd6 17. Qg3 Qe7 18. Qh4 Kg7 19. Rfc1 Ng8 20. Qxe7 Nxe7 21. b3
f6 22. a3 e5 23. Na2 a5 24. Nc3 e4 25. Be2 f5 26. f4 Kf6 27. Nb5 Bxb5 28. Bxb5
Rxc2 29. Rxc2 Rc8 30. Rxc8 Nxc8 31. Kf2 Nd6 32. Be2 b5 33. h3 b4 34. axb4 axb4
35. g4 fxg4 36. hxg4 g5 37. Kg3 h6 38. Ba6 Ke6 39. Be2 Nb7 40. Bd1 Na5 41. Bc2
Nc6 42. Bd1 Kf6 43. Bc2 Na7 44. Bd1 Nb5 45. Be2 Nc3 46. Bf1 Nd1 47. fxg5+ hxg5
48. Ba6 Nxe3 49. Bb7 Ke6 50. Bc6 Kd6 51. Bb7 Nc2 52. Ba6 Nxd4 0-1

[Event "Titled Tue 24th Jun Early"]
[Site "chess.com INT"]
[Date "2025.06.24"]
[Round "4"]
[White "Chen, Yidong"]
[Black "Brady, Tyson"]
[Result "0-1"]
[BlackTitle "CM"]
[WhiteElo "2074"]
[BlackElo "2170"]
[WhiteFideId "8607028"]
[BlackFideId "30970369"]
[EventDate "2025.06.24"]

1. e4 c5 2. Nf3 g6 3. c3 d5 4. exd5 Qxd5 5. d4 Bg7 6. Be3 cxd4 7. cxd4 Nf6 8.
Nc3 Qa5 9. Bc4 O-O 10. O-O Nbd7 11. h3 Qd8 12. Qe2 Nb6 13. Bb3 Nfd5 14. Bg5 Be6
15. Rac1 h6 16. Bh4 Nf4 17. Qe4 Nfd5 18. Bg3 Rc8 19. Rfd1 Nxc3 20. bxc3 Bd5 21.
Bxd5 Qxd5 22. Qxe7 Rfe8 23. Qa3 a6 24. Qb3 Nc4 25. a4 b6 26. Rb1 Rc6 27. Ne5
Bxe5 28. Bxe5 Rec8 29. Bf4 Kh7 30. Rbc1 Rd8 31. Bg3 Na5 32. Qxd5 Rxd5 33. Re1
Rd7 34. Re8 Nc4 35. Rce1 g5 36. h4 Kg6 37. Rg8+ Kf6 38. Rh8 Kf5 39. h5 b5 40.
axb5 axb5 41. Kh2 Re6 42. Rxe6 fxe6 43. Rxh6 Nb6 44. Be5 Nd5 45. f3 g4 0-1

[Event "Titled Tue 24th Jun Early"]
[Site "chess.com INT"]
[Date "2025.06.24"]
[Round "4"]
[White "Cornelisse, Lorelei"]
[Black "Garde, Guillaume"]
[Result "1-0"]
[WhiteTitle "WFM"]
[BlackTitle "CM"]
[WhiteElo "2138"]
[BlackElo "2211"]
[WhiteFideId "1087177"]
[BlackFideId "45138273"]
[EventDate "2025.06.24"]

1. d4 d5 2. Nc3 Nc6 3. e4 e6 4. Nf3 Nf6 5. e5 Nd7 6. Bd3 Nb4 7. Be2 c5 8. O-O h6
9. a3 Nc6 10. dxc5 Bxc5 11. b4 Bb6 12. Na4 Ncxe5 13. Nxb6 Nxf3+ 14. Bxf3 axb6
15. Bb2 O-O 16. Qe2 Qg5 17. g3 Nf6 18. c4 dxc4 19. Qxc4 e5 20. Qb5 e4 21. Qxg5
hxg5 22. Bxf6 exf3 23. Bxg5 Bh3 24. Rfe1 Rfc8 25. Re3 Bg2 26. Rae1 f6 27. Bf4
Rc2 28. h4 Rd8 29. Re7 Ra2 30. Rxb7 Rxa3 31. Kh2 g5 32. hxg5 fxg5 33. Bxg5 Rc8
34. Ree7 Ra1 35. Rg7+ Kf8 36. g4 Rh1+ 37. Kg3 Rh3+ 38. Kf4 Rc4+ 39. Ke3 Rh1 40.
Rgd7 Re1+ 41. Kd2 Re2+ 42. Kd3 Rc8 43. Rf7+ Kg8 44. Rg7+ Kf8 45. Rh7 Kg8 46.
Rbg7+ Kf8 47. Bf6 Bf1 48. Rh8# 1-0

[Event "Titled Tue 24th Jun Early"]
[Site "chess.com INT"]
[Date "2025.06.24"]
[Round "4"]
[White "Kezin, Roman"]
[Black "Andreikin, Dmitry"]
[Result "0-1"]
[WhiteTitle "IM"]
[BlackTitle "GM"]
[WhiteElo "2471"]
[BlackElo "2695"]
[WhiteFideId "24124621"]
[BlackFideId "4158814"]
[EventDate "2025.06.24"]

1. d4 Nf6 2. c4 e6 3. Nf3 c5 4. d5 b5 5. e4 Nxe4 6. Bd3 Nf6 7. Nc3 d6 8. dxe6
fxe6 9. Bg5 Be7 10. Bxf6 Bxf6 11. Be4 b4 12. Nd5 exd5 13. Bxd5 Qe7+ 14. Qe2 Bxb2
15. Rd1 Bc3+ 16. Kf1 a5 17. Bxa8 Qxe2+ 18. Kxe2 Ba6 19. Nd2 Nd7 20. Ne4 Bxc4+
21. Ke3 Bd4+ 22. Rxd4 cxd4+ 23. Kxd4 Bxa2 24. Ra1 Ke7 25. Bc6 b3 26. Nc3 Rc8 27.
Bd5 Nb6 28. Nxa2 bxa2 29. Bxa2 Rc2 30. Re1+ Kd8 31. Bg8 Rxf2 32. h3 Rxg2 33.
Bxh7 a4 34. Rf1 a3 35. Rf7 Nd7 36. Bg8 Nf6 37. Rf8+ Ke7 38. Ra8 Nxg8 0-1

[Event "Titled Tue 24th Jun Early"]
[Site "chess.com INT"]
[Date "2025.06.24"]
[Round "4"]
[White "Volodin, Alexandr E."]
[Black "Nitish, Belurkar"]
[Result "0-1"]
[WhiteTitle "FM"]
[BlackTitle "IM"]
[WhiteElo "2344"]
[BlackElo "2454"]
[WhiteFideId "34268871"]
[BlackFideId "5084768"]
[EventDate "2025.06.24"]

1. d4 Nf6 2. Nc3 d5 3. Bf4 c5 4. e3 e6 5. Nf3 Bd6 6. dxc5 Bxc5 7. Bd3 Nc6 8. O-O
O-O 9. e4 d4 10. Ne2 h6 11. Qd2 Re8 12. e5 Nd7 13. Bxh6 Ndxe5 14. Nxe5 Nxe5 15.
Bg5 f6 16. Bh4 Nxd3 17. cxd3 e5 18. Rac1 b6 19. b4 Bf8 20. Bg3 Qd5 21. f3 a5 22.
bxa5 Rxa5 23. Rc2 Be6 24. Rb1 Rxa2 25. Rxa2 Qxa2 26. Qxa2 Bxa2 27. Rxb6 Rc8 28.
Kf2 Rc2 29. Ke1 Bd5 30. Rb1 Kf7 31. f4 Bd6 32. fxe5 Bxe5 33. Bxe5 fxe5 34. Rb5
Ke6 35. Rb6+ Kf5 36. Ng3+ Kf4 37. Rb5 Bxg2 38. Nh5+ Ke3 39. Rxe5+ Kxd3 40. Nxg7
Be4 41. Ne6 Ke3 42. Rxe4+ Kxe4 0-1